Truyện ngắn Lỗ Tấn 1918-1922

Gespeichert in:
Bibliographische Detailangaben
1. Verfasser: Lỗ Tấn
Format: Buch
Sprache:Undetermined
Veröffentlicht: Hà Nội VHTT 2000
Schlagworte:
Tags: Tag hinzufügen
Keine Tags, Fügen Sie den ersten Tag hinzu!
Thư viện lưu trữ: Trung tâm Học liệu Trường Đại học Cần Thơ
LEADER 00568nam a2200181Ia 4500
001 CTU_43563
008 210402s9999 xx 000 0 und d
082 |a 895.1301 
082 |b T121t/2000 
100 |a Lỗ Tấn 
245 0 |a Truyện ngắn Lỗ Tấn 
245 0 |b 1918-1922 
245 0 |c Lỗ Tấn; Dịch giả: Trương Chính 
260 |a Hà Nội 
260 |b VHTT 
260 |c 2000 
650 |a chinese literature - 20th century,short stories, chinese ( vietnamese ) 
980 |a Trung tâm Học liệu Trường Đại học Cần Thơ